000 00829nam a22002777a 4500
001 BR5000084
003 BR-BrBNA
005 20240104152957.0
007 ta
008 230509b bl.||||| |||| 00| 0 por d
040 _aBR-BrBNA
_bpor
_cBiblioteca Nacional de Agricultura
041 _a(Por)
072 _aA00
090 _bBR5000084
100 1 _aRangel, M.
245 1 _aDicionario de sinonimos quimico-farmaceuticos: termos farmaceuticos antigos e modernos, termos de quimica, fisica e biologia, plantas medicinais, formulas, reacoes
260 3 _aRio de Janeiro, GB (Brasil):
_bIrmaos Di Georgio,
_c1950.
300 _a246 p.
650 _aQUIMICA
650 _aCOMPOSTO QUIMICO
650 _aREAGENTE QUIMICO
650 _aFARMACIA
650 _aPLANTA MEDICINAL
650 _aMEDICAMENTO
942 _cBK
_2AGRIS
999 _c10745
_d10745